<?xml version="1.0" encoding="UTF-8"?>
<collection xmlns="http://www.loc.gov/MARC21/slim">
<record>
  <controlfield tag="001">167585</controlfield>
  <controlfield tag="005">20260121151439.0</controlfield>
  <datafield tag="037" ind1=" " ind2=" ">
    <subfield code="a">TAZ-TFG-2024-4693</subfield>
  </datafield>
  <datafield tag="041" ind1=" " ind2=" ">
    <subfield code="a">spa</subfield>
  </datafield>
  <datafield tag="100" ind1="1" ind2=" ">
    <subfield code="a">López Solanas, Diego</subfield>
  </datafield>
  <datafield tag="242" ind1="0" ind2="0">
    <subfield code="a">The therapeutic potential of mesenchymal stem cells for the treatment of equine asthma.</subfield>
  </datafield>
  <datafield tag="245" ind1="0" ind2="0">
    <subfield code="a">Potencial terapéutico de las células madre mesenquimales para el tratamiento del asma equino.</subfield>
  </datafield>
  <datafield tag="260" ind1=" " ind2=" ">
    <subfield code="a">Zaragoza</subfield>
    <subfield code="b">Universidad de Zaragoza</subfield>
    <subfield code="c">2024</subfield>
  </datafield>
  <datafield tag="506" ind1=" " ind2=" ">
    <subfield code="a">by-nc-sa</subfield>
    <subfield code="b">Creative Commons</subfield>
    <subfield code="c">3.0</subfield>
    <subfield code="u">http://creativecommons.org/licenses/by-nc-sa/3.0/</subfield>
  </datafield>
  <datafield tag="520" ind1=" " ind2=" ">
    <subfield code="a">El asma equino es una enfermedad respiratoria inflamatoria crónica que afecta aproximadamente al 20 % de la cabaña de caballos adultos, siendo un modelo útil para estudiar enfermedades respiratorias humanas como el asma. Este trabajo tiene como objetivo analizar el uso de células madre mesenquimales (MSCs) en el tratamiento del asma, evaluando su efectividad y los diferentes protocolos de administración.&lt;br />La mayoría de los modelos experimentales se basan en ratones, solo uno de los estudios incluye caballos como modelo de asma. Las dosis de MSCs utilizadas varían ampliamente, dependiendo del modelo y la vía de administración. En cuanto al momento de la aplicación, la mayoría de los estudios administran las MSCs tras la sensibilización o durante los desafíos con alérgenos para evaluar sus efectos terapéuticos. Las MSCs se han administrado vía intravenosa, intratraqueal, intrabronquial e intranasal. La vía intravenosa destaca por su simplicidad, pero presenta limitaciones en la persistencia a largo plazo; la intratraqueal e intrabronquial permiten una distribución más focalizada, siendo esta última particularmente efectiva en caballos; y la intranasal, aunque menos común, representa una opción no invasiva. Los estudios revisados han destacado el efecto inmunomodulador de las MSCs, logrando la regulación de citoquinas inflamatorias y la promoción de respuestas antiinflamatorias mediante el aumento de Tregs y la polarización de macrófagos hacia un fenotipo M2. También se observó una mejora en la remodelación del epitelio pulmonar y la reducción de la hiperreactividad bronquial.&lt;br />El uso de MSCs representa un enfoque terapéutico prometedor para el asma equino y humano, con resultados positivos en la modulación de la inflamación y la reparación pulmonar. Sin embargo, la optimización de las vías de administración y la persistencia de las MSCs siguen siendo desafíos clave para su aplicación clínica.&lt;br />&lt;br /></subfield>
  </datafield>
  <datafield tag="521" ind1=" " ind2=" ">
    <subfield code="a">Graduado en Veterinaria</subfield>
  </datafield>
  <datafield tag="540" ind1=" " ind2=" ">
    <subfield code="a">Derechos regulados por licencia Creative Commons</subfield>
  </datafield>
  <datafield tag="856" ind1="0" ind2=" ">
    <subfield code="f">719209@unizar.es</subfield>
  </datafield>
  <datafield tag="856" ind1="4" ind2=" ">
    <subfield code="s">1485856</subfield>
    <subfield code="u">http://zaguan.unizar.es/record/167585/files/TAZ-TFG-2024-4693.pdf</subfield>
    <subfield code="y">Memoria (spa)</subfield>
  </datafield>
  <datafield tag="909" ind1="C" ind2="O">
    <subfield code="o">oai:zaguan.unizar.es:167585</subfield>
    <subfield code="p">driver</subfield>
    <subfield code="p">trabajos-fin-grado</subfield>
  </datafield>
  <datafield tag="950" ind1=" " ind2=" ">
    <subfield code="a"></subfield>
  </datafield>
  <datafield tag="691" ind1=" " ind2=" ">
    <subfield code="a">0</subfield>
  </datafield>
  <datafield tag="692" ind1=" " ind2=" ">
    <subfield code="a"></subfield>
  </datafield>
  <datafield tag="700" ind1=" " ind2=" ">
    <subfield code="a">Vitoria Moraiz, Arantzazu</subfield>
    <subfield code="e">dir.</subfield>
  </datafield>
  <datafield tag="710" ind1="2" ind2=" ">
    <subfield code="a">Universidad de Zaragoza</subfield>
    <subfield code="b"> </subfield>
    <subfield code="c"></subfield>
  </datafield>
  <datafield tag="980" ind1=" " ind2=" ">
    <subfield code="a">TAZ</subfield>
    <subfield code="b">TFG</subfield>
    <subfield code="c">VET</subfield>
  </datafield>
  <datafield tag="999" ind1=" " ind2=" ">
    <subfield code="a">20241127163603.CREATION_DATE</subfield>
  </datafield>
  <datafield tag="951" ind1=" " ind2=" ">
    <subfield code="a">deposita:2026-01-21</subfield>
  </datafield>
</record>
</collection>